Análisis del estado de preparación del país para responder a un sismo

Gespeichert in:
Bibliographische Detailangaben
1. Verfasser: Befeler Dachner, Rolando
Format: Buch
Veröffentlicht: [San José , Costa Rica] 1985
Schlagworte:
Tags: Tag hinzufügen
Keine Tags, Fügen Sie den ersten Tag hinzu!

MARC

LEADER 00000nam a2200000Ia 4500
003 002932
005 20221231144401.0
008 140114s1985 cr a m 000 ||s d
040 |c cru CEDI 
090 |a TFG 1723 
100 |a Befeler Dachner, Rolando  |9 14480 
245 |a Análisis del estado de preparación del país para responder a un sismo 
260 |c 1985  |a  [San José , Costa Rica] 
300 |a  102 páginas : ilustraciones 
500 |a  Proyecto de graduación (ingeniero civil)--Universidad de Costa Rica. Escuela de Ingeniería Civil 
650 |x TERREMOTOS - COSTA RICA   |x TERREMOTOS - PREVENCION   |x PREVENCION DE DESASTRES  |9 14481 
942 |c TFG 
999 |c 21072  |d 21072